[Event "Lichtenrader Herbst 2016"]
[Site "Berlin-Lichtenrade"]
[Date "2016.10.25"]
[Round "4.16"]
[White "Ziese, Gerhard"]
[Black "Sliwicka, Alicja"]
[Result "0-1"]
[WhiteElo "2013"]
[BlackElo "2144"]
[PlyCount "58"]
[EventDate "2016.??.??"]
[WhiteTeam "SG Turm Leipzig"]
[BlackTeam "UKS OPP TORUN"]

1. c4 Nf6 2. g3 g6 3. Bg2 Bg7 4. Nc3 c5 5. d3 O-O 6. e4 Nc6 7. Nge2 a6 8. O-O
Rb8 9. a4 d6 10. h3 Bd7 11. Be3 h6 12. Kh2 Kh7 13. f4 Ng8 14. f5 g5 15. Qd2 Ne5
16. Rf2 Qa5 17. Rd1 b5 18. axb5 axb5 19. b3 bxc4 20. bxc4 Rb3 21. Qc2 Rfb8 22.
Bc1 R3b4 23. Nd5 Ba4 24. Qa2 Qa8 25. Rd2 Rb3 26. Ndc3 Bc6 27. Qxa8 Bxa8 28. Bf1
g4 29. Bg2 Nf3+ 0-1

[Event "Lichtenrader Herbst 2016"]
[Site "Berlin-Lichtenrade"]
[Date "2016.10.25"]
[Round "4.17"]
[White "Barath, Madhan"]
[Black "Krueger, Robin Kevin"]
[Result "1-0"]
[WhiteElo "2125"]
[BlackElo "1849"]
[PlyCount "93"]
[EventDate "2016.??.??"]
[WhiteTeam "SC Zugzwang 95 e.V."]
[BlackTeam "SC Schwarz-Weiß Lichtenrade e.V."]

1. d4 d5 2. c4 e6 3. Nc3 c5 4. cxd5 exd5 5. Nf3 Nc6 6. g3 Nf6 7. Bg2 Be7 8. O-O
O-O 9. Bg5 c4 10. Ne5 Be6 11. e3 h6 12. Bxf6 Bxf6 13. Nxc6 bxc6 14. Na4 Be7 15.
b3 Qa5 16. bxc4 dxc4 17. Qc2 Rab8 18. Nc3 Rb6 19. Rab1 Rfb8 20. Bxc6 Bb4 21. d5
Bh3 22. Na4 Rxc6 23. dxc6 Bxf1 24. Kxf1 Rc8 25. Qxc4 Qxa4 26. Rxb4 Qxc6 27.
Qxc6 Rxc6 28. Rb8+ Kh7 29. Rb7 Ra6 30. Rxf7 Rxa2 31. e4 Kg6 32. Rf8 Ra4 33. e5
a5 34. f4 Rb4 35. e6 Re4 36. Kf2 a4 37. Kf3 Re1 38. Kg4 h5+ 39. Kf3 a3 40. f5+
Kh7 41. Ra8 g6 42. Rxa3 Rf1+ 43. Ke4 gxf5+ 44. Ke5 Kg6 45. Ra8 Rf2 46. e7 Kf7
47. e8=Q+ 1-0

[Event "Lichtenrader Herbst 2016"]
[Site "Berlin-Lichtenrade"]
[Date "2016.10.25"]
[Round "4.18"]
[White "Krefenstein, Sergej"]
[Black "Hanewinkel, Winfried"]
[Result "1-0"]
[WhiteElo "2176"]
[BlackElo "1968"]
[PlyCount "53"]
[EventDate "2016.??.??"]
[WhiteTeam "TuS Makkabi Berlin"]
[BlackTeam "SF Beelen 1984 e.V."]

1. c4 e5 2. g3 Nf6 3. Nc3 Bb4 4. Nd5 Bc5 5. Bg2 O-O 6. e3 Nxd5 7. cxd5 d6 8.
Ne2 Nd7 9. O-O Nf6 10. b3 Bg4 11. h3 Bh5 12. Bb2 Qe7 13. Kh2 Bg6 14. f4 Bd3 15.
fxe5 dxe5 16. Rc1 Bd6 17. Qe1 Nh5 18. e4 f5 19. Bf3 Nf6 20. exf5 Bxf5 21. Nc3
Qd7 22. Bg2 Rae8 23. Qe3 a6 24. Qg5 Bg6 25. Rce1 e4 26. Ne2 Nxd5 27. Qxd5+ 1-0

[Event "Lichtenrader Herbst 2016"]
[Site "Berlin-Lichtenrade"]
[Date "2016.10.25"]
[Round "4.20"]
[White "Feil, Stephan"]
[Black "Schmalzried, Volker"]
[Result "1-0"]
[WhiteElo "2140"]
[BlackElo "1874"]
[PlyCount "83"]
[EventDate "2016.??.??"]
[WhiteTeam "SK 1962 Ladenburg"]

1. e4 c5 2. Nf3 Nc6 3. Bb5 g6 4. Bxc6 bxc6 5. c4 Bg7 6. O-O Nf6 7. Nc3 O-O 8.
d3 d6 9. h3 e5 10. Be3 Be6 11. Qd2 Ne8 12. Ng5 Bd7 13. f4 f6 14. Nf3 Be6 15.
fxe5 fxe5 16. Ng5 Nc7 17. Rxf8+ Qxf8 18. Rf1 Qe7 19. Na4 Rf8 20. Rxf8+ Bxf8 21.
a3 Bc8 22. b4 cxb4 23. axb4 Ne6 24. Nf3 Qb7 25. Kh2 Bd7 26. Nb2 a6 27. Nd1 d5
28. c5 d4 29. Bf2 Bg7 30. Bg3 Qb8 31. Nb2 Nf4 32. Nc4 Nh5 33. Bxe5 Bxe5+ 34.
Ncxe5 Be8 35. g4 Nf6 36. Qa2+ Kg7 37. Qe6 Nd7 38. Kg2 Nxe5 39. Qxe5+ Qxe5 40.
Nxe5 Kf6 41. Nf3 Bf7 42. Nxd4 1-0

[Event "Lichtenrader Herbst 2016"]
[Site "Berlin-Lichtenrade"]
[Date "2016.10.25"]
[Round "4.21"]
[White "Richter, Goetz"]
[Black "Gebigke, Martin"]
[Result "0-1"]
[WhiteElo "1999"]
[BlackElo "2121"]
[PlyCount "56"]
[EventDate "2016.??.??"]
[WhiteTeam "Klub Kölner SF"]
[BlackTeam "SC Kreuzberg"]

1. d4 Nf6 2. c4 e6 3. Nc3 Bb4 4. e3 O-O 5. Nge2 d5 6. a3 Be7 7. Nf4 c6 8. Bd3
Re8 9. b3 Nbd7 10. O-O Bd6 11. Nh5 Nxh5 12. Qxh5 Nf6 13. Qe2 e5 14. dxe5 Bxe5
15. Bb2 Bxh2+ 16. Kxh2 Ng4+ 17. Kg3 Qd6+ 18. f4 Rxe3+ 19. Rf3 g5 20. Qxe3 Nxe3
21. cxd5 gxf4+ 22. Rxf4 Nxg2 23. Raf1 Nxf4 24. Rxf4 cxd5 25. Nb5 Qh6 26. Bf5
Bxf5 27. Rxf5 Qe3+ 28. Rf3 Qe2 0-1

[Event "Lichtenrader Herbst 2016"]
[Site "Berlin-Lichtenrade"]
[Date "2016.10.25"]
[Round "4.22"]
[White "Boettcher, Patrick"]
[Black "Schmidt, Juergen"]
[Result "1-0"]
[WhiteElo "2150"]
[BlackElo "1953"]
[PlyCount "123"]
[EventDate "2016.??.??"]
[WhiteTeam "SC Zitadelle Spandau 1977 e.V."]
[BlackTeam "SC Kreuzberg"]

1. d4 d5 2. c4 c6 3. Nc3 Nf6 4. e3 e6 5. Nf3 Nbd7 6. b3 Be7 7. Bb2 O-O 8. Bd3
b6 9. O-O Bb7 10. Qe2 Re8 11. e4 dxe4 12. Nxe4 Nxe4 13. Bxe4 Qc7 14. Rad1 Rad8
15. Bb1 Nf8 16. Qc2 Bf6 17. h4 c5 18. Ng5 Bxg5 19. hxg5 Qf4 20. Bc1 Qg4 21. f3
Qg3 22. dxc5 bxc5 23. Qf2 Qc7 24. Be3 Rc8 25. Rd2 Red8 26. Rxd8 Qxd8 27. Bxc5
Qxg5 28. Bxa7 Rd8 29. Be3 Qe5 30. Bb6 Rd7 31. Bc2 Qc3 32. Rc1 f5 33. Be3 Qa5
34. a4 Qb4 35. Qe1 Qe7 36. Rd1 h5 37. Rxd7 Nxd7 38. Qd2 Nf6 39. b4 h4 40. Bc5
Qf7 41. Qf4 h3 42. Qb8+ Ne8 43. Qg3 hxg2 44. Kxg2 Qh5 45. Bd4 Qh6 46. Qe1 Qg5+
47. Kf1 Kf7 48. Bd1 Qh5 49. Qg3 Qh6 50. f4 Qh1+ 51. Ke2 Nf6 52. Bxf6 Qe4+ 53.
Kd2 gxf6 54. Kc3 e5 55. fxe5 fxe5 56. Qd3 Qe1+ 57. Qd2 Qg3+ 58. Kb2 Be4 59. c5
Kg6 60. Qd6+ Kg7 61. Bb3 Qf2+ 62. Ka3 1-0

[Event "Lichtenrader Herbst 2016"]
[Site "Berlin-Lichtenrade"]
[Date "2016.10.25"]
[Round "4.23"]
[White "Di Candia, Roberto"]
[Black "Heuer, Thomas"]
[Result "1/2-1/2"]
[WhiteElo "1874"]
[BlackElo "2127"]
[PlyCount "65"]
[EventDate "2016.??.??"]
[WhiteTeam "Schachfreunde Berlin"]
[BlackTeam "TSG Neuruppin"]

1. e4 c5 2. Nc3 Nc6 3. f4 g6 4. Nf3 Bg7 5. Bb5 Nd4 6. O-O Nxb5 7. Nxb5 d5 8.
exd5 a6 9. Nc3 Nf6 10. d4 Nxd5 11. dxc5 Nxc3 12. Qxd8+ Kxd8 13. bxc3 Bxc3 14.
Rb1 Kc7 15. Rb3 Bg7 16. Bd2 a5 17. Rfb1 Ra7 18. Rb5 Bd7 19. Bxa5+ Kc8 20. c6
Bxc6 21. Rc5 Kb8 22. Bb6 Rxa2 23. Rxc6 bxc6 24. Bd4+ Ka8 25. Bxg7 Rd8 26. Rb2
Ra1+ 27. Kf2 f6 28. c4 h5 29. Rd2 Rg8 30. Bh6 Rh8 31. Bg7 Rg8 32. Bh6 Rh8 33.
Bg7 1/2-1/2

[Event "Lichtenrader Herbst 2016"]
[Site "Berlin-Lichtenrade"]
[Date "2016.10.25"]
[Round "4.24"]
[White "Idaczek, Guenter"]
[Black "Heerde, Thomas"]
[Result "0-1"]
[WhiteElo "1916"]
[BlackElo "2044"]
[PlyCount "64"]
[EventDate "2016.??.??"]
[WhiteTeam "TSV Mariendorf"]
[BlackTeam "SC Weisse Dame (Berlin)"]

1. g3 g6 2. e4 c5 3. Bg2 Bg7 4. f4 Nc6 5. d3 e6 6. Nc3 Nge7 7. Nf3 d5 8. Bd2 a6
9. Rb1 b5 10. O-O O-O 11. a3 b4 12. Ne2 a5 13. g4 dxe4 14. dxe4 Ba6 15. Qe1 Rb8
16. a4 b3 17. c3 Bd3 18. Ng3 Bxb1 19. Qxb1 f5 20. Be3 c4 21. Rd1 Qc8 22. gxf5
exf5 23. Bf1 Nd8 24. Bd4 Ne6 25. Bxg7 Kxg7 26. Ne5 Qc5+ 27. Kh1 Rbd8 28. Nd7
Qf2 29. Ne2 Qf3+ 30. Kg1 Qe3+ 31. Kh1 Qxe4+ 32. Kg1 Qxb1 0-1

[Event "Lichtenrader Herbst 2016"]
[Site "Berlin-Lichtenrade"]
[Date "2016.10.25"]
[Round "4.25"]
[White "Gelemerov, Yane"]
[Black "Baum, Jonasz"]
[Result "1-0"]
[WhiteElo "2026"]
[BlackElo "1851"]
[PlyCount "127"]
[EventDate "2016.??.??"]
[WhiteTeam "Krakra Pernishki"]
[BlackTeam "UKS Czternastka Warszawa"]

1. e4 c5 2. Nc3 e6 3. Nf3 a6 4. Be2 b5 5. O-O Bb7 6. d3 d6 7. Be3 Nf6 8. Nd2
Be7 9. f4 Nc6 10. Kh1 d5 11. exd5 exd5 12. Bg1 d4 13. Nce4 Nd5 14. Nb3 Qb6 15.
Qd2 f5 16. Ng5 h6 17. Bh5+ Kd7 18. Nf7 Rhf8 19. Rae1 Bf6 20. Ne5+ Nxe5 21. fxe5
Bg5 22. Qa5 Qc6 23. Bf3 Bd8 24. Qd2 g5 25. c4 dxc3 26. bxc3 g4 27. Bxd5 Qxd5
28. Nxc5+ Kc7 29. Nxb7 Kxb7 30. c4 Qc6 31. Qb4 Bb6 32. Bxb6 Kxb6 33. cxb5 axb5
34. a4 Qc5 35. Qxb5+ Qxb5 36. axb5 Kxb5 37. Kg1 Kc5 38. Rf4 Kd5 39. Kf2 Ra2+
40. Kg3 Ra3 41. Re3 Ke6 42. Rd4 Ra5 43. Kf4 Ra2 44. Rd6+ Ke7 45. d4 Rxg2 46.
Ra3 Rf2+ 47. Kg3 Rb2 48. Ra7+ Ke8 49. Re6+ Kd8 50. Rxh6 Rb3+ 51. Kf2 Rb2+ 52.
Kg3 Rb8 53. Kf4 Ke8 54. Rhh7 Kd8 55. e6 Ke8 56. Rad7 Rg8 57. Kxf5 g3 58. hxg3
Rb5+ 59. d5 Rf8+ 60. Ke5 Rg8 61. Rhe7+ Kf8 62. Kd6 Rb6+ 63. Kc7 Rb1 64. Rf7+
1-0

[Event "Lichtenrader Herbst 2016"]
[Site "Berlin-Lichtenrade"]
[Date "2016.10.25"]
[Round "4.26"]
[White "Acikel, Mert"]
[Black "Wierzbicki, Jirawat"]
[Result "0-1"]
[WhiteElo "1871"]
[BlackElo "2108"]
[PlyCount "46"]
[EventDate "2016.??.??"]
[WhiteTeam "SK König Tegel 1949 e.V."]
[BlackTeam "SK König Tegel"]

1. e4 e5 2. Nf3 Nc6 3. Bc4 Nf6 4. d3 Bc5 5. c3 d6 6. Bb3 O-O 7. O-O a6 8. Re1
Ba7 9. h3 h6 10. Nbd2 Nh5 11. Nf1 Qf6 12. Be3 Nf4 13. Ng3 g6 14. d4 Re8 15. Bd5
Ne7 16. Bxf4 exf4 17. e5 dxe5 18. dxe5 Bxf2+ 19. Kxf2 Qb6+ 20. Kf1 fxg3 21. Re2
Bf5 22. Bb3 Rad8 23. Rd2 Bd3+ 0-1

[Event "Lichtenrader Herbst 2016"]
[Site "Berlin-Lichtenrade"]
[Date "2016.10.25"]
[Round "4.27"]
[White "Zschaebitz, Klaus"]
[Black "Bluhm, Robert"]
[Result "1-0"]
[WhiteElo "2063"]
[BlackElo "1915"]
[PlyCount "65"]
[EventDate "2016.??.??"]
[WhiteTeam "BSG 1827 Eckbauer e.V."]
[BlackTeam "TSG Oberschöneweide e.V."]

1. c4 c5 2. g3 Nc6 3. Bg2 d6 4. Nc3 g6 5. Nf3 Bg7 6. O-O e5 7. a3 Nge7 8. Rb1
a5 9. d3 h6 10. Ne1 O-O 11. Nc2 Nd4 12. Ne3 Rb8 13. b4 axb4 14. axb4 cxb4 15.
Rxb4 Qa5 16. Ned5 Nxd5 17. Nxd5 Re8 18. Bd2 Qd8 19. Nc3 Ne6 20. Qc2 Nd4 21. Qb2
e4 22. Qb1 exd3 23. Qxd3 Bf5 24. e4 Nc6 25. Rb5 Be6 26. Nd5 Ne5 27. Qb3 Bd7 28.
Ba5 Bxb5 29. Bxd8 Bxc4 30. Qb6 Bxf1 31. Bc7 Ra8 32. Bxf1 Ra2 33. Qb5 1-0

[Event "Lichtenrader Herbst 2016"]
[Site "Berlin-Lichtenrade"]
[Date "2016.10.25"]
[Round "4.29"]
[White "Dathe, Frederick"]
[Black "Bolk, Matthias"]
[Result "1/2-1/2"]
[WhiteElo "1909"]
[BlackElo "2078"]
[PlyCount "47"]
[EventDate "2016.??.??"]
[WhiteTeam "SC Kreuzberg"]
[BlackTeam "SC Kreuzberg e.V."]

1. Nf3 Nf6 2. c4 g6 3. Nc3 Bg7 4. d4 O-O 5. e4 d6 6. h3 Na6 7. Be3 c5 8. d5 Nc7
9. Bd3 b5 10. cxb5 a6 11. bxa6 Bxa6 12. O-O Qb8 13. Rb1 e6 14. e5 Nfxd5 15.
exd6 Nxe3 16. fxe3 Ne8 17. Bxa6 Rxa6 18. Ne4 Nxd6 19. Nxc5 Ra7 20. b4 Nf5 21.
Qb3 Bh6 22. Rfe1 Rd8 23. a4 Ng3 24. Rbc1 1/2-1/2

[Event "Lichtenrader Herbst 2016"]
[Site "Berlin-Lichtenrade"]
[Date "2016.10.25"]
[Round "4.30"]
[White "Toepper, Olaf"]
[Black "Pueschel, Werner"]
[Result "0-1"]
[WhiteElo "1898"]
[BlackElo "2013"]
[PlyCount "118"]
[EventDate "2016.??.??"]
[WhiteTeam "SV Eutin von 1875"]
[BlackTeam "Lasker Steglitz-Wilmersdorf"]

1. Nf3 Nf6 2. c4 g6 3. b4 a5 4. b5 b6 5. g3 Bb7 6. Bg2 Bg7 7. Bb2 O-O 8. O-O d6
9. a4 e5 10. d3 Qc8 11. Nbd2 Re8 12. Re1 Nbd7 13. e3 Nc5 14. Nb3 Nxd3 15. Qxd3
e4 16. Qd1 exf3 17. Bxf3 Bxf3 18. Qxf3 Ne4 19. Bxg7 Kxg7 20. Red1 Qe6 21. Rac1
Qf6 22. Qxf6+ Nxf6 23. Rd4 Re7 24. Rcd1 Rae8 25. R1d3 h5 26. h3 Nd7 27. Kg2 f5
28. Nd2 Nc5 29. Ra3 Kf6 30. Nf3 Re4 31. Rxe4 fxe4 32. Ne1 Nd7 33. Rc3 Nc5 34.
Ra3 Nd7 35. Rc3 Re5 36. f3 exf3+ 37. Nxf3 Rc5 38. e4 g5 39. g4 hxg4 40. hxg4
Ne5 41. Nxe5 Kxe5 42. Kf3 Kd4 43. Rc1 Rxc4 44. Rd1+ Ke5 45. Rd5+ Kf6 46. Rf5+
Kg6 47. e5 dxe5 48. Rxe5 Rf4+ 49. Kg3 Kf6 50. Re3 Rxa4 51. Rc3 Rb4 52. Rxc7
Rxb5 53. Kf3 a4 54. Ke4 a3 55. Rc6+ Ke7 56. Rc7+ Kd6 57. Rc1 a2 58. Ra1 Ra5 59.
Kd3 Ke5 0-1

[Event "Lichtenrader Herbst 2016"]
[Site "Berlin-Lichtenrade"]
[Date "2016.10.25"]
[Round "4.70"]
[White "Dukaczewski, Piotr"]
[Black "Koenig, Falk"]
[Result "1-0"]
[WhiteElo "2201"]
[BlackElo "2037"]
[PlyCount "59"]
[EventDate "2016.??.??"]
[WhiteTeam "Hetman Warszawa"]
[BlackTeam "SF Vonkeln 1931"]

1. c4 c5 2. Nf3 Nf6 3. Nc3 Nc6 4. d4 cxd4 5. Nxd4 Qb6 6. Nb3 e6 7. e4 Bb4 8.
Be3 Qc7 9. Qc2 Ng4 10. Bd2 Qb6 11. Bf4 O-O 12. h3 Nf6 13. O-O-O Bxc3 14. bxc3
d5 15. cxd5 exd5 16. exd5 Ne7 17. Be3 Qd6 18. c4 Bf5 19. Bd3 Bxd3 20. Qxd3 Rfc8
21. Kb1 b5 22. cxb5 Nexd5 23. Bd4 Qb4 24. Rc1 Qd6 25. Rhd1 Rxc1+ 26. Rxc1 Nb6
27. Qf5 Nfd5 28. Rc6 Qe7 29. Qg4 Qe1+ 30. Rc1 1-0

[Event "Lichtenrader Herbst 2016"]
[Site "Berlin-Lichtenrade"]
[Date "2016.10.25"]
[Round "4.71"]
[White "Mackowiak, Marek"]
[Black "Pesola, Jyrki"]
[Result "1-0"]
[WhiteElo "2165"]
[BlackElo "1934"]
[PlyCount "37"]
[EventDate "2016.??.??"]
[WhiteTeam "Cross Warszawa"]

1. c4 f5 2. Nc3 Nf6 3. d4 e6 4. Nf3 Bb4 5. Qc2 Ne4 6. e3 Bxc3+ 7. bxc3 O-O 8.
Bd3 d5 9. Ba3 Re8 10. O-O b6 11. cxd5 exd5 12. c4 Bb7 13. Rac1 Nd7 14. cxd5
Bxd5 15. Qxc7 Bxa2 16. Bb5 Nef6 17. Bc4+ Bxc4 18. Qxc4+ Kh8 19. Ng5 1-0

[Event "Lichtenrader Herbst 2016"]
[Site "Berlin-Lichtenrade"]
[Date "2016.10.26"]
[Round "5.1"]
[White "Chatalbashev, Boris"]
[Black "Karpatchev, Aleksandr"]
[Result "1/2-1/2"]
[WhiteElo "2534"]
[BlackElo "2463"]
[PlyCount "44"]
[EventDate "2016.??.??"]
[WhiteTeam "SV Würselen"]
[BlackTeam "SF Bad Mergentheim"]

1. d4 d5 2. c4 dxc4 3. Nf3 Nf6 4. e3 e6 5. Bxc4 a6 6. O-O c5 7. dxc5 Bxc5 8.
Qxd8+ Kxd8 9. Nbd2 Ke7 10. a3 Nbd7 11. b4 Bd6 12. Bb2 b5 13. Be2 Bb7 14. Nb3
Rac8 15. Na5 Bd5 16. Rfc1 Nb6 17. Be5 Rxc1+ 18. Rxc1 Rc8 19. Bxd6+ Kxd6 20.
Rxc8 Nxc8 21. Nd2 Nb6 22. f3 Nfd7 1/2-1/2

[Event "Lichtenrader Herbst 2016"]
[Site "Berlin-Lichtenrade"]
[Date "2016.10.26"]
[Round "5.2"]
[White "Teske, Henrik"]
[Black "Stefansson, Hannes"]
[Result "1/2-1/2"]
[WhiteElo "2482"]
[BlackElo "2571"]
[PlyCount "68"]
[EventDate "2016.??.??"]
[WhiteTeam "SV Empor Erfurt"]
[BlackTeam "Reykjavik"]

1. Nf3 Nf6 2. c4 b6 3. Nc3 Bb7 4. d4 e6 5. a3 d5 6. Bg5 Be7 7. e3 O-O 8. Rc1 h6
9. Bxf6 Bxf6 10. cxd5 exd5 11. Bd3 c5 12. dxc5 bxc5 13. O-O Nd7 14. Qe2 Rb8 15.
Rfd1 Re8 16. b4 d4 17. Bb5 Re7 18. bxc5 Bxf3 19. gxf3 Nxc5 20. Qc4 Qa5 21. exd4
Ne6 22. d5 Bxc3 23. dxe6 Rxe6 24. a4 Be5 25. f4 a6 26. Bd7 Rg6+ 27. Kh1 Bd6 28.
Rd5 Qb6 29. Bf5 Rf6 30. Rb1 Qa7 31. Rxb8+ Qxb8 32. Qc6 Rxf5 33. Rxf5 Qb1+ 34.
Kg2 Qxf5 1/2-1/2

[Event "Lichtenrader Herbst 2016"]
[Site "Berlin-Lichtenrade"]
[Date "2016.10.26"]
[Round "5.3"]
[White "Hincu, Olga"]
[Black "Kovalev, Andrei"]
[Result "0-1"]
[WhiteElo "2122"]
[BlackElo "2506"]
[PlyCount "84"]
[EventDate "2016.??.??"]

1. Nf3 d6 2. d4 Nf6 3. Bf4 g6 4. e3 Nh5 5. Bg5 h6 6. Bh4 g5 7. Nfd2 Ng7 8. Bg3
Nf5 9. Bd3 Bg7 10. c3 h5 11. Qc2 Nxg3 12. fxg3 e6 13. O-O Nd7 14. Na3 O-O 15.
e4 c5 16. d5 exd5 17. exd5 Nf6 18. Ne4 Nxd5 19. Qd2 g4 20. Bc4 Nb6 21. Bd5 Be6
22. Bxe6 fxe6 23. Nxd6 Qd7 24. Rxf8+ Rxf8 25. Rd1 Rd8 26. Ne4 Qxd2 27. Rxd2
Rxd2 28. Nxd2 Na4 29. Nac4 b5 30. Nd6 a6 31. N2e4 c4 32. b3 cxb3 33. axb3 Nxc3
34. Nd2 Kf8 35. b4 Nd5 36. Kf1 Ke7 37. N2e4 Nxb4 38. Ke2 Nc6 39. Kd3 Be5 40.
Nb7 a5 41. Nbc5 a4 42. Nd2 a3 0-1

[Event "Lichtenrader Herbst 2016"]
[Site "Berlin-Lichtenrade"]
[Date "2016.10.26"]
[Round "5.4"]
[White "Meister, Jakob"]
[Black "Holinka, Henning"]
[Result "1-0"]
[WhiteElo "2444"]
[BlackElo "2018"]
[PlyCount "119"]
[EventDate "2016.??.??"]
[WhiteTeam "SK Zehlendorf"]
[BlackTeam "Hamburger SK von 1830 eV"]

1. c4 g6 2. Nc3 Bg7 3. b4 d6 4. Bb2 Nd7 5. Nf3 e5 6. d4 Ne7 7. e3 O-O 8. Be2 b6
9. Qc2 Bb7 10. Rd1 exd4 11. exd4 d5 12. c5 Nf6 13. O-O Ne4 14. a3 Qd7 15. Bd3
f5 16. Ne5 Qe6 17. Nb5 Rfc8 18. f3 Ng5 19. Rfe1 a6 20. Nc3 Nc6 21. Ne2 Nxe5 22.
dxe5 Qe8 23. e6 Qxe6 24. Bxg7 Kxg7 25. Nd4 Qf6 26. Bxf5 gxf5 27. c6 Bxc6 28.
Qxc6 Qxc6 29. Nxc6 Re8 30. Rxe8 Rxe8 31. Rxd5 Kf6 32. Kf2 Ne6 33. g3 h5 34. a4
Rg8 35. a5 b5 36. Ne5 Ke7 37. Rd7+ Kf6 38. Rd5 Ke7 39. Ke3 Re8 40. f4 Nf8 41.
Rc5 Ne6 42. Rc6 Ra8 43. Kf2 Ra7 44. Kg2 h4 45. Rc1 Ra8 46. Ng6+ Kf6 47. Nxh4
Rd8 48. Nf3 Rd6 49. Kf2 Ke7 50. Ke3 Kf6 51. h4 Kg7 52. Ne5 Kf6 53. Rc6 Rd4 54.
Rxe6+ Kxe6 55. Kxd4 Kd6 56. Nd3 c6 57. Nc5 Ke7 58. Nxa6 Kd6 59. Nc5 Kc7 60. Ke5
1-0

[Event "Lichtenrader Herbst 2016"]
[Site "Berlin-Lichtenrade"]
[Date "2016.10.26"]
[Round "5.5"]
[White "Asenov, Pavel"]
[Black "Roesemann, Rainer"]
[Result "1-0"]
[WhiteElo "2207"]
[BlackElo "2282"]
[PlyCount "73"]
[EventDate "2016.??.??"]
[WhiteTeam "Witny"]
[BlackTeam "SV Bannewitz"]

1. d4 Nf6 2. c4 e6 3. Nc3 Bb4 4. e3 d5 5. Nge2 dxc4 6. a3 Be7 7. Ng3 c5 8. Bxc4
cxd4 9. exd4 O-O 10. O-O Nbd7 11. Re1 Nb6 12. Bd3 Bd7 13. Qe2 Bc6 14. Bg5 Nbd5
15. Bd2 Qb6 16. Nxd5 Bxd5 17. Bc3 Rfe8 18. Rac1 Rac8 19. h4 Bd6 20. Ne4 Nxe4
21. Bxe4 Bxe4 22. Qxe4 Qb5 23. Rcd1 Red8 24. Rd3 Bf8 25. Rf3 Rd5 26. Rxf7 Re8
27. Rf3 g6 28. Qg4 Rf5 29. Re5 Qd7 30. Rfxf5 exf5 31. Qe2 Rd8 32. h5 Bd6 33.
Re6 g5 34. d5 Qf7 35. h6 g4 36. g3 Qh5 37. Qe3 1-0

[Event "Lichtenrader Herbst 2016"]
[Site "Berlin-Lichtenrade"]
[Date "2016.10.26"]
[Round "5.6"]
[White "Llopis de Aysa, Manuel"]
[Black "Kasparov, Sergey"]
[Result "0-1"]
[WhiteElo "2023"]
[BlackElo "2470"]
[PlyCount "86"]
[EventDate "2016.??.??"]
[WhiteTeam "La Tour Aycelin"]

1. d4 c5 2. d5 Nf6 3. c4 b5 4. Nf3 Bb7 5. a4 Qa5+ 6. Bd2 b4 7. Bg5 d6 8. Bxf6
exf6 9. h4 Nd7 10. e4 O-O-O 11. Nbd2 Re8 12. g3 f5 13. Bh3 g6 14. O-O fxe4 15.
Ng5 f5 16. Ndxe4 fxe4 17. Qg4 Qd8 18. Nxe4 Kb8 19. Nxd6 Bxd6 20. Qxd7 Qxd7 21.
Bxd7 Re2 22. b3 Bc8 23. Bxc8 Kxc8 24. Rfe1 Rb2 25. Re3 Rf8 26. f4 Kd7 27. Rae1
Rf7 28. R1e2 Rxe2 29. Rxe2 Re7 30. Kf2 Rxe2+ 31. Kxe2 Ke7 32. Kf3 h5 33. Ke4
Kf6 34. Ke3 Kf5 35. Kf3 Be7 36. Ke3 Kg4 37. Kf2 Bf6 38. Kg2 Bd4 39. d6 Bf6 40.
d7 Kf5 41. Kf3 Bd8 42. Ke3 Ke6 43. Ke4 Bf6 0-1

[Event "Lichtenrader Herbst 2016"]
[Site "Berlin-Lichtenrade"]
[Date "2016.10.26"]
[Round "5.7"]
[White "Gabuzyan, Hovhannes"]
[Black "Feil, Stephan"]
[Result "1/2-1/2"]
[WhiteElo "2592"]
[BlackElo "2140"]
[PlyCount "124"]
[EventDate "2016.??.??"]
[BlackTeam "SK 1962 Ladenburg"]

1. e4 e5 2. Nf3 Nf6 3. Nxe5 d6 4. Nf3 Nxe4 5. Nc3 Nxc3 6. dxc3 Be7 7. Be3 Nc6
8. Qd2 Be6 9. O-O-O Qd7 10. Kb1 Ne5 11. Nd4 Nc4 12. Bxc4 Bxc4 13. b3 Bd5 14.
Bg5 f6 15. Bf4 Bf7 16. g4 O-O 17. Rhg1 b5 18. Nf5 Rfe8 19. Nxe7+ Rxe7 20. g5 f5
21. g6 hxg6 22. Rxg6 Bxg6 23. Qd5+ Kh7 24. Qxa8 Re4 25. Rd3 Qe8 26. Rh3+ Kg8
27. Qd5+ Qe6 28. Qxe6+ Rxe6 29. Re3 Rxe3 30. Bxe3 a6 31. Ba7 d5 32. f4 Bh5 33.
Kb2 Bd1 34. Kc1 Bf3 35. Kd2 Be4 36. Ke3 Bxc2 37. Kd4 Bb1 38. a3 Ba2 39. b4 Kf7
40. Kc5 Ke6 41. Kc6 g6 42. Kxc7 Bc4 43. Bd4 Be2 44. h4 Bc4 45. Kb6 Kd7 46. Kxa6
Kc7 47. Ka5 Kc6 48. a4 bxa4 49. Kxa4 Bb5+ 50. Kb3 Bc4+ 51. Kc2 Bb5 52. Kd2 Bc4
53. Ke3 Bb5 54. Bc5 Bc4 55. Kd4 Be2 56. Ke5 Bf3 57. Bf2 Be2 58. Kf6 Bh5 59. Be1
Kb5 60. Ke5 Bf3 61. h5 Bxh5 62. Kxd5 Be2 1/2-1/2

[Event "Lichtenrader Herbst 2016"]
[Site "Berlin-Lichtenrade"]
[Date "2016.10.26"]
[Round "5.8"]
[White "Ahmadinia, Ebrahim"]
[Black "Boettcher, Patrick"]
[Result "1-0"]
[WhiteElo "2370"]
[BlackElo "2150"]
[PlyCount "91"]
[EventDate "2016.??.??"]
[WhiteTeam "SF Berlin 1903 e.V."]
[BlackTeam "SC Zitadelle Spandau 1977 e.V."]

1. e4 c5 2. Nf3 e6 3. b3 d6 4. Bb2 Nc6 5. Bb5 Bd7 6. O-O Nf6 7. Re1 Be7 8. Bxc6
Bxc6 9. e5 dxe5 10. Nxe5 Qd5 11. f3 O-O 12. Nc3 Qd6 13. a4 Rfd8 14. d3 Rac8 15.
Qd2 Be8 16. Kh1 Nd5 17. Nc4 Qc7 18. Nb5 Qb8 19. Be5 Qa8 20. Qa5 a6 21. Nc7 Qa7
22. Nxd5 exd5 23. Nb6 Rc6 24. Bg3 Kf8 25. Rxe7 Kxe7 26. Qc3 d4 27. Qd2 Qxb6 28.
a5 Qb4 29. Qg5+ f6 30. Qxg7+ Bf7 31. Re1+ Re6 32. Rxe6+ Kxe6 33. Bh4 Rd7 34.
Qxf6+ Kd5 35. h3 Qd2 36. Qf5+ Kc6 37. Qf6+ Kd5 38. Qf5+ Kc6 39. Qf6+ Kc7 40.
Bg3+ Kc8 41. Qe5 Kd8 42. Bh4+ Kc8 43. Qxc5+ Rc7 44. Qf8+ Kd7 45. Qxf7+ Kc6 46.
Qe6+ 1-0

[Event "Lichtenrader Herbst 2016"]
[Site "Berlin-Lichtenrade"]
[Date "2016.10.26"]
[Round "5.9"]
[White "Bruedigam, Martin"]
[Black "Gelemerov, Yane"]
[Result "1-0"]
[WhiteElo "2408"]
[BlackElo "2026"]
[PlyCount "65"]
[EventDate "2016.??.??"]
[WhiteTeam "SK König Tegel"]
[BlackTeam "Krakra Pernishki"]

1. e4 e5 2. Nf3 Nc6 3. Bc4 Bc5 4. b4 Bxb4 5. c3 Bd6 6. d4 Nf6 7. O-O O-O 8. Re1
h6 9. Nbd2 Re8 10. Bd3 Bf8 11. Nxe5 Nxe5 12. dxe5 Rxe5 13. Nf3 Re8 14. e5 Nh7
15. Qc2 Ng5 16. Bxg5 hxg5 17. Bh7+ Kh8 18. Qf5 d5 19. Qxf7 Kxh7 20. Qh5+ Kg8
21. Nxg5 Qxg5 22. Qxg5 Be6 23. g4 Bc5 24. Kg2 d4 25. cxd4 Bxd4 26. Rad1 c5 27.
f4 Bxa2 28. Rxd4 cxd4 29. f5 Rac8 30. e6 Rc7 31. Qg6 Kf8 32. f6 Bd5+ 33. Kg1
1-0

[Event "Lichtenrader Herbst 2016"]
[Site "Berlin-Lichtenrade"]
[Date "2016.10.26"]
[Round "5.10"]
[White "Gebigke, Martin"]
[Black "Glantz, Robert"]
[Result "0-1"]
[WhiteElo "2121"]
[BlackElo "2340"]
[PlyCount "82"]
[EventDate "2016.??.??"]
[WhiteTeam "SC Kreuzberg"]
[BlackTeam "SC Kreuzberg e.V."]

1. d4 Nf6 2. c4 g6 3. Nc3 Bg7 4. e4 d6 5. Nf3 O-O 6. Be2 e5 7. O-O Nbd7 8. Be3
Re8 9. d5 Nh5 10. g3 Bf8 11. Ne1 Ng7 12. f3 Be7 13. Qd2 f5 14. Nd3 Nf6 15. Nf2
Rf8 16. Bh6 Kh8 17. Kh1 Ng8 18. Be3 Nf6 19. b4 Nfh5 20. Nd3 Rf7 21. a4 Qf8 22.
a5 f4 23. gxf4 Nxf4 24. Nxf4 exf4 25. Bd4 Kg8 26. Nb5 Bd8 27. Nxa7 Bh3 28. Rfc1
Nh5 29. Bf1 Bd7 30. Nb5 g5 31. Bd3 c6 32. Na3 c5 33. Bc3 cxb4 34. Bxb4 Bf6 35.
Bc3 g4 36. fxg4 Bxg4 37. Rg1 Ng3+ 38. hxg3 Bxc3 39. Qxc3 Qh6+ 40. Kg2 Qh3+ 41.
Kf2 Qh2+ 0-1

[Event "Lichtenrader Herbst 2016"]
[Site "Berlin-Lichtenrade"]
[Date "2016.10.26"]
[Round "5.11"]
[White "Heinig, Wolfram"]
[Black "Bekasovs, Rihards"]
[Result "1-0"]
[WhiteElo "2277"]
[BlackElo "2003"]
[PlyCount "61"]
[EventDate "2016.??.??"]
[WhiteTeam "SK Zehlendorf e.V."]
[BlackTeam "Riga Chess School"]

1. d4 Nf6 2. c4 c5 3. d5 e6 4. Nc3 exd5 5. cxd5 d6 6. Nf3 g6 7. Bf4 Bg7 8. Qa4+
Bd7 9. Qb3 Qc7 10. e4 O-O 11. Be2 b5 12. e5 Nh5 13. exd6 Qa5 14. Be3 c4 15. Qc2
b4 16. Nd1 c3 17. bxc3 bxc3 18. Nd4 Rc8 19. O-O Nf6 20. Qb3 Na6 21. Nc6 Bxc6
22. dxc6 Rxc6 23. Qb7 Rac8 24. d7 Nxd7 25. Qxd7 c2 26. Rc1 cxd1=Q 27. Rcxd1 h5
28. Qxa7 Qxa2 29. Bb5 R8c7 30. Qa8+ Rc8 31. Rd8+ 1-0